000
00217nam a2200097Ia 4500
008
240331s9999 xx 000 0 und d
082
_b
MAH
100
_a
Mahendran, K
245
0
_a
Kirekkathin`tholseer aranku
942
_c
L
999
_c
3698
_d
3698